The Washington Manual of Medical Therapeutics / (Record no. 2855)

MARC details
000 -LEADER
fixed length control field 00584pam a2200217 a 4500
020 ## - INTERNATIONAL STANDARD BOOK NUMBER
Terms of availability
040 ## - CATALOGING SOURCE
Original cataloging agency Medical College Lib
041 ## - LANGUAGE CODE
Language code of text/sound track or separate title ENG
Language code of original ENG
082 ## - DEWEY DECIMAL CLASSIFICATION NUMBER
Classification number 616
Item number CAR
100 ## - MAIN ENTRY--PERSONAL NAME
Personal name Carey, C. F. .
245 ## - TITLE STATEMENT
Title The Washington Manual of Medical Therapeutics /
Statement of responsibility, etc.
Medium Textual Documents
250 ## - EDITION STATEMENT
Edition statement 29th /
Remainder of edition statement .
260 ## - PUBLICATION, DISTRIBUTION, ETC.
Place of publication, distribution, etc. Philadelpha :
Name of publisher, distributor, etc. Lippincott-Raven ,
Date of publication, distribution, etc. 1998.
300 ## - PHYSICAL DESCRIPTION
Extent 448 ;
Dimensions
365 ## - TRADE PRICE
Price type code 741=00
653 ## - INDEX TERM--UNCONTROLLED
Uncontrolled term Medicine
-- Medical Science
907 ## - LOCAL DATA ELEMENT G, LDG (RLIN)
a 5230
-- 5231
930 ## - EQUIVALENCE OR CROSS-REFERENCE-UNIFORM TITLE HEADING [LOCAL, CANADA]
Uniform title 2856
Holdings
Withdrawn status Lost status Damaged status Not for loan Home library Current library Date acquired Total Checkouts Full call number Barcode Date last seen Copy number Price effective from Koha item type
        Medical College, Pune Medical College, Pune 01/01/1900   616 CAR MCP-5231 06/02/2023 3 06/02/2023 Book
        Medical College, Pune Medical College, Pune 01/01/1900   616 CAR MCP-5230 06/02/2023 2 06/02/2023 Book
        Medical College, Pune Medical College, Pune 01/01/1900   616 CAR MCP-5229 06/02/2023 1 06/02/2023 Book